Central Library OPAC University of Rajshahi

Report on peace : (Record no. 28362)

MARC details
000 -LEADER
fixed length control field 01248nam a22002651 4500
001 - CONTROL NUMBER
control field 28362
003 - CONTROL NUMBER IDENTIFIER
rucl marc code BD-RjUL
005 - DATE AND TIME OF LATEST TRANSACTION
control field 20211209051255.0
008 - FIXED-LENGTH DATA ELEMENTS--GENERAL INFORMATION
fixed length control field 140330s1963 ru c 100 0 eng
035 ## - SYSTEM CONTROL NUMBER
System control number (BD-RjUL)28443
040 ## - CATALOGING SOURCE
Original cataloging agency DLC
Transcribing agency DLC
Modifying agency DLC
-- BD-RjUL
Language of cataloging eng
041 1# - LANGUAGE CODE
Language code of text/sound track or separate title engrus
082 ## - DEWEY DECIMAL CLASSIFICATION NUMBER
Classification number 320.9470841
Author mark and year LER 1963
100 1# - MAIN ENTRY--PERSONAL NAME
Personal name Lenin, Vladimir Ilʹich,
Dates associated with a name 1870-1924.
9 (RLIN) 86859
245 10 - TITLE STATEMENT
Title Report on peace :
Remainder of title delivered at the Second All-Russian Congress of Soviets of Workers' and Soldiers' Deputies, October 26 (November 8), 1917, Home and foreign policy of the Republic, report of the All-Russian Central Executive Committee and the Council of People's Commissars to the Ninth All-Russian Congress of Soviets, December 23, 1921 /
Statement of responsibility, etc. Vladimir Ilʹich Lenin.
260 ## - PUBLICATION, DISTRIBUTION, ETC. (IMPRINT)
Place of publication, distribution, etc. Moscow :
Name of publisher, distributor, etc. Foreign Languages Pub. House,
Date of publication, distribution, etc. 1963.
300 ## - PHYSICAL DESCRIPTION
Pagination 290 p. :
Illustrations ill., port. ;
Size 21 cm.
651 #0 - SUBJECT ADDED ENTRY--GEOGRAPHIC NAME
Geographic name Soviet Union
General subdivision Politics and government
Chronological subdivision 1917-1936.
9 (RLIN) 86860
Geographic name Soviet Union
General subdivision Foreign relations
Chronological subdivision 1917-1945.
9 (RLIN) 86861
942 ## - ADDED ENTRY ELEMENTS (KOHA)
Source of classification or shelving scheme Dewey Decimal Classification
Koha item type Books
Holdings
Lost status Source of classification or shelving scheme Damaged status Not for loan Collection code Permanent Location Current Location Shelving location Date acquired Source of acquisition Cost, normal purchase price Total Checkouts Full call number Date last seen Copy number Koha item type
  Dewey Decimal Classification   Added to bundle Non-fiction Central Library, University of Rajshahi Central Library, University of Rajshahi Reading Room 04/05/1977 W. Heffer and Sons 0.37   320.9470841 LER 1963 30/03/2014 C-1 Books